[Event "Niedersachsen-ch B"]
[Site "Verden"]
[Date "2010.01.05"]
[Round "6.13"]
[White "Tennert, Simon"]
[Black "Kaiser, Gerhard"]
[Result "1/2-1/2"]
[WhiteElo "1993"]
[BlackElo "1965"]
[PlyCount "72"]
[EventDate "2010.01.??"]
[EventType "swiss"]
[EventRounds "7"]
[EventCountry "GER"]
[SourceDate "2005.10.24"]

1. e4 d5 2. exd5 Qxd5 3. Nc3 Qd6 4. Bc4 Nf6 5. d4 a6 6. Bb3 b5 7. Nge2 Bb7 8.
Bf4 Qd7 9. f3 e6 10. Qd2 Bd6 11. Bxd6 Qxd6 12. O-O O-O 13. Rad1 Rd8 14. Qf4
Nbd7 15. Qxd6 cxd6 16. Ng3 Nb6 17. Nce4 Nfd5 18. Rfe1 a5 19. c3 Rac8 20. Rc1 {
(=)} h6 21. Nf2 Nf4 22. Ne2 Nxe2+ 23. Rxe2 Bd5 24. Bxd5 Nxd5 25. Nd3 Rc7 26.
Kf2 Rdc8 27. Rec2 Kf8 28. g3 Ke7 29. Ke2 Nb6 30. Nf2 d5 31. Nd3 Nd7 32. Kd2 Kd6
33. b3 {(=)} f6 34. f4 f5 35. Ne5 Nf6 36. c4 Ne4+ 1/2-1/2

[Event "Niedersachsen-ch B"]
[Site "Verden"]
[Date "2010.01.05"]
[Round "6.14"]
[White "Lossin, Sven Hendrik"]
[Black "Eickhoff, Hermann"]
[Result "1/2-1/2"]
[WhiteElo "2067"]
[BlackElo "2030"]
[PlyCount "73"]
[EventDate "2010.01.??"]
[EventType "swiss"]
[EventRounds "7"]
[EventCountry "GER"]
[SourceDate "2005.10.24"]

1. d4 g6 2. e4 d6 3. c3 Bg7 4. Bd3 e5 5. dxe5 dxe5 6. Nf3 Nc6 7. O-O Nge7 8.
Qe2 O-O 9. Rd1 Bg4 10. Nbd2 Qd7 11. h3 Rad8 12. Bc2 Bxf3 13. Nxf3 Qc8 14. Be3
Rxd1+ 15. Rxd1 Rd8 16. b4 a6 17. a4 Rxd1+ 18. Qxd1 Qd8 19. Qe2 h6 20. Bb3 Nc8
21. b5 axb5 22. axb5 N6e7 23. Ne1 Nd6 24. Qd3 b6 25. Bd5 Nxd5 26. Qxd5 Qe7 27.
f3 Qe6 28. Qc6 Qc4 29. Nc2 Qxc6 30. bxc6 Nc4 31. Kf2 Bf8 32. Ke2 h5 33. Bf2 Bd6
34. Nb4 b5 35. Nd5 Kf8 36. Bh4 Na5 37. Bd8 1/2-1/2

[Event "Niedersachsen-ch B"]
[Site "Verden"]
[Date "2010.01.05"]
[Round "6.15"]
[White "Brunotte, Peter"]
[Black "Meyer, Irmin"]
[Result "1/2-1/2"]
[WhiteElo "1991"]
[BlackElo "2004"]
[PlyCount "39"]
[EventDate "2010.01.??"]
[EventType "swiss"]
[EventRounds "7"]
[EventCountry "GER"]
[SourceDate "2005.10.24"]

1. e4 c6 2. d4 d5 3. Nc3 dxe4 4. Nxe4 Bf5 5. Ng3 Bg6 6. h4 h6 7. h5 Bh7 8. Nf3
Nd7 9. Bd3 Bxd3 10. Qxd3 Ngf6 11. Be3 {
Bereits hier ist fröhliches Zügeraten angesagt.} e6 12. O-O-O Be7 13. Ne2 Qa5
14. Kb1 O-O-O 15. Nd2 Nd5 16. Nb3 Qc7 17. Bd2 Bg5 18. Qf3 Bxd2 19. Nxd2 Rhf8 {
Welcher Tf8?} 20. c4 {...40 Züge. Leider liegt keine korrekte Mitschrift vor.}
1/2-1/2

[Event "Niedersachsen-ch B"]
[Site "Verden"]
[Date "2010.01.05"]
[Round "6.16"]
[White "Guede, Klaus"]
[Black "Jung, Gerald"]
[Result "0-1"]
[WhiteElo "1764"]
[BlackElo "2048"]
[PlyCount "60"]
[EventDate "2010.01.??"]
[EventType "swiss"]
[EventRounds "7"]
[EventCountry "GER"]
[SourceDate "2005.10.24"]

1. d4 Nf6 2. c4 g6 3. Nc3 Bg7 4. e4 O-O 5. f4 d6 6. Nf3 c5 7. d5 Nbd7 8. Bd3 e6
9. O-O exd5 10. cxd5 Re8 11. Re1 a6 12. a4 Qc7 13. Bc2 Rb8 14. e5 dxe5 15. d6
Qb6 16. fxe5 Ng4 17. Nd5 Qa7 18. Ra3 Ndxe5 19. Nxe5 c4+ 20. Be3 Nxe3 21. Raxe3
Rxe5 22. Kh1 Rxe3 23. Rxe3 Be6 24. Ne7+ Kh8 25. Qe2 Rd8 26. Rxe6 fxe6 27. Qxe6
Qf2 28. h3 Qxc2 29. d7 Qd1+ 30. Kh2 Qxd7 0-1

[Event "Niedersachsen-ch B"]
[Site "Verden"]
[Date "2010.01.05"]
[Round "6.17"]
[White "Schneider, Alexander2 (1942)"]
[Black "Gruender, Michael"]
[Result "1/2-1/2"]
[WhiteElo "1953"]
[BlackElo "1980"]
[PlyCount "68"]
[EventDate "2010.01.??"]
[EventType "swiss"]
[EventRounds "7"]
[EventCountry "GER"]
[SourceDate "2005.10.24"]

1. c4 g6 2. d4 Bg7 3. Nc3 d6 4. e4 Nc6 5. Be3 e5 6. d5 Nce7 7. Qd2 f5 8. f3 Nf6
9. Bd3 O-O 10. Nge2 fxe4 11. Nxe4 Nxe4 12. fxe4 Kh8 13. O-O-O Ng8 14. h3 Bd7
15. g4 Rf3 16. Kb1 Qe7 17. Ng1 Rf7 18. Qg2 a6 19. g5 Raf8 20. h4 h5 21. gxh6
Bxh6 22. Bxh6 Nxh6 23. Nh3 Bg4 24. Be2 Qd7 25. Bxg4 Qxg4 26. Rdg1 Qxg2 27. Rxg2
Rf1+ {(=)} 28. Rxf1 Rxf1+ 29. Kc2 Rf6 30. Kd2 Nf7 31. Ke3 Kh7 32. Nf2 Nh6 33.
Nh3 Nf7 34. Nf2 Nh6 1/2-1/2

[Event "Niedersachsen-ch B"]
[Site "Verden"]
[Date "2010.01.05"]
[Round "6.18"]
[White "Finke, Harald"]
[Black "Neumair, Cedric"]
[Result "1-0"]
[WhiteElo "2011"]
[BlackElo "1842"]
[PlyCount "147"]
[EventDate "2010.01.??"]
[EventType "swiss"]
[EventRounds "7"]
[EventCountry "GER"]
[SourceDate "2005.10.24"]

1. d4 Nf6 2. Nf3 e6 3. Nbd2 d5 4. e3 Nbd7 5. Bd3 Bd6 6. O-O O-O 7. e4 dxe4 8.
Nxe4 Nxe4 9. Bxe4 h6 10. Re1 Nf6 11. Bd3 b6 12. Qe2 Bb7 13. Ne5 c5 14. c3 cxd4
15. cxd4 Bb4 16. Rd1 Qd5 17. Nf3 Rac8 18. Bf4 Rfd8 19. h3 Bd6 20. Bxd6 Qxd6 21.
Ba6 Bxf3 22. Qxf3 Rc7 23. Rd2 Qd5 24. Qxd5 Rxd5 25. Rad1 Ra5 26. Be2 Ne4 27. b4
Rf5 28. Bd3 Nxd2 29. Bxf5 Nf3+ 30. gxf3 exf5 31. Rd3 Kf8 32. Kg2 Ke7 33. f4 Kd6
34. Kf3 Kd5 35. a3 Kc4 36. Ke2 Rd7 37. Ke3 Rd5 38. Rd2 Kc3 39. Rd1 Kb3 40. Kd3
b5 41. Rc1 Rd7 42. Rc5 a6 43. Rxf5 Kxa3 44. Kc3 Rb7 45. Rc5 a5 46. bxa5 b4+ 47.
Kc4 b3 48. a6 Rb4+ 49. Kc3 Ra4 {(=)} 50. Rb5 Rxa6 51. Rxb3+ Ka4 52. Rb7 Rf6 53.
Kc4 Ka5 54. Rb5+ Ka6 55. f5 g5 56. Rc5 Kb6 57. Kd3 Rd6 58. Ke4 f6 59. Rd5 Rc6
60. Rd7 h5 61. f3 Kb5 62. Kd5 Rc3 63. Ke6 Rxf3 64. Kxf6 g4 65. hxg4 hxg4 66.
Rg7 g3 67. Ke5 Kc4 68. Rg4 Re3+ 69. Kf6 Kd5 70. Kf7 Rf3 71. f6 g2 72. Rxg2 Kxd4
73. Kg7 Ke5 74. f7 1-0

[Event "Niedersachsen-ch B"]
[Site "Verden"]
[Date "2010.01.05"]
[Round "6.19"]
[White "Pundt, Wilfried"]
[Black "Renner, Kai"]
[Result "0-1"]
[WhiteElo "1934"]
[BlackElo "2191"]
[PlyCount "72"]
[EventDate "2010.01.??"]
[EventType "swiss"]
[EventRounds "7"]
[EventCountry "GER"]
[SourceDate "2005.10.24"]

1. e4 e6 2. d4 d5 3. e5 c5 4. c3 Nc6 5. Nf3 Bd7 6. Bd3 cxd4 7. cxd4 Qb6 8. O-O
Nxd4 9. Nxd4 Qxd4 10. Nc3 a6 11. Re1 Ne7 12. Qf3 Ng6 13. Bxg6 hxg6 14. Bf4 Rc8
15. a3 Rc4 16. Bg3 Be7 17. Red1 Qc5 18. Rac1 Bg5 19. b3 Bxc1 20. bxc4 Bb2 21.
Rb1 Bxc3 22. Qxc3 b5 23. Qa5 dxc4 24. Qxa6 O-O 25. Rd1 Bc6 26. Qa5 c3 27. Rc1
c2 28. Qd2 Be4 29. Bf4 Qxa3 30. f3 Bd3 31. Kf2 b4 32. Qe1 b3 33. Ra1 Qc5+ 34.
Be3 Qxe5 35. Ra5 Qxa5 36. Qxa5 b2 0-1

[Event "Niedersachsen-ch B"]
[Site "Verden"]
[Date "2010.01.05"]
[Round "6.20"]
[White "Meyer, Juergen"]
[Black "Moeller, Christian"]
[Result "1-0"]
[WhiteElo "2093"]
[BlackElo "1813"]
[PlyCount "87"]
[EventDate "2010.01.??"]
[EventType "swiss"]
[EventRounds "7"]
[EventCountry "GER"]
[SourceDate "2005.10.24"]

1. e4 e5 2. Nf3 Nc6 3. Bb5 a6 4. Bxc6 dxc6 5. O-O Bg4 6. h3 h5 7. d3 Bd6 8.
Nbd2 Be6 9. d4 exd4 10. Nxd4 Bd7 11. N2f3 c5 12. e5 Be7 13. Nb3 Bb5 {(=)} 14.
Re1 Qxd1 15. Rxd1 Be2 16. Rd5 Bxf3 17. gxf3 b6 18. Be3 c4 19. Nd4 Bc5 20. Nf5
Bxe3 21. Nxe3 Ne7 22. Rd4 b5 23. Rad1 Nc6 24. Rd5 O-O {(=)} 25. Rc5 Ne7 26.
Rxc7 Ng6 27. e6 Nf4 28. e7 Rfe8 29. Rcd7 f6 30. Nf5 Ng6 31. Rd8 Nxe7 32. Nxe7+
Kf7 33. Rxa8 Rxa8 34. Nf5 Kg6 35. Ne3 Kg5 36. Rd4 f5 37. h4+ Kf6 38. f4 Ke6 39.
Kf1 Rf8 40. a4 Rb8 41. axb5 axb5 42. Ke2 g6 43. Rd5 b4 44. Re5+ 1-0

[Event "Niedersachsen-ch B"]
[Site "Verden"]
[Date "2010.01.05"]
[Round "6.21"]
[White "Poelig, Juergen"]
[Black "Hagemann, Sven"]
[Result "1-0"]
[WhiteElo "1807"]
[BlackElo "2019"]
[PlyCount "40"]
[EventDate "2010.01.??"]
[EventType "swiss"]
[EventRounds "7"]
[EventCountry "GER"]
[SourceDate "2005.10.24"]

1. e4 c5 2. c3 d5 3. exd5 Qxd5 4. d4 Nf6 5. Nf3 Bg4 6. Be2 cxd4 7. cxd4 e6 8.
O-O Nc6 9. h3 Bh5 10. Nc3 Qa5 11. a3 Bd6 12. Be3 a6 13. b4 Qd8 14. Na4 Nd5 15.
Rc1 Nce7 16. Nc5 {(=)} Qb6 17. Qb3 Nxe3 18. fxe3 Nc6 19. Kh1 Rc8 20. Nxe6 Be7
1-0

[Event "Niedersachsen-ch B"]
[Site "Verden"]
[Date "2010.01.05"]
[Round "6.22"]
[White "Kessens, Felix Magnus"]
[Black "Schaar, Andreas"]
[Result "0-1"]
[WhiteElo "1782"]
[BlackElo "1993"]
[PlyCount "104"]
[EventDate "2010.01.??"]
[EventType "swiss"]
[EventRounds "7"]
[EventCountry "GER"]
[SourceDate "2005.10.24"]

1. e4 d5 2. exd5 Qxd5 3. Nc3 Qa5 4. d4 c6 5. h3 Nf6 6. Bc4 Bf5 7. Nf3 e6 8. a3
Bd6 9. Bd2 Qc7 10. Nh4 Bg6 11. Nxg6 hxg6 12. Qe2 O-O 13. Ne4 Nxe4 14. Qxe4 Nd7
15. Bg5 Qa5+ 16. Bd2 Qf5 17. Qxf5 gxf5 18. g4 Nf6 19. O-O-O Ne4 20. Rdf1 c5 21.
d5 Nxd2 22. Kxd2 exd5 23. Bxd5 Rad8 24. c4 f4 25. g5 g6 26. f3 Kg7 27. Rh2 {(=)
} Rh8 28. Kd3 b6 29. Kc2 Rh5 30. h4 Rdh8 31. Rfh1 Be7 32. Kb3 Bxg5 33. Ka4 Bxh4
34. Kb5 Bf6 35. Rxh5 Rxh5 36. Rb1 Rh2 37. b3 Bb2 38. a4 f5 39. Ka6 Bc3 40. Kxa7
Ba5 41. Ka6 g5 42. b4 Bxb4 43. Kxb6 Ra2 44. Kb5 Kf6 45. Rh1 g4 46. fxg4 fxg4
47. Rh8 f3 48. Bxf3 Kg7 49. Rh1 gxf3 50. Rf1 f2 51. Kc6 Kf6 52. a5 Ke5 0-1

[Event "Niedersachsen-ch B"]
[Site "Verden"]
[Date "2010.01.05"]
[Round "6.23"]
[White "Ehlert, Horst"]
[Black "Hartogh, Theo"]
[Result "1-0"]
[WhiteElo "2083"]
[BlackElo "1833"]
[PlyCount "91"]
[EventDate "2010.01.??"]
[EventType "swiss"]
[EventRounds "7"]
[EventCountry "GER"]
[SourceDate "2005.10.24"]

1. d4 Nf6 2. Nf3 e6 3. Nbd2 d5 4. e3 Bd6 5. Bd3 O-O 6. O-O Nbd7 7. e4 dxe4 8.
Nxe4 Nxe4 9. Bxe4 Nf6 10. Bd3 c5 11. dxc5 Bxc5 12. Bg5 a6 13. Qe2 Be7 14. Rad1
Nd5 15. Bxe7 Qxe7 16. Bxh7+ Kxh7 17. Rxd5 g6 18. Rd4 f6 19. Rfd1 e5 20. Rd6 Be6
21. Qd3 Bf5 22. Qd2 g5 23. c4 Be6 24. c5 Rac8 25. b4 Rc7 26. a3 Rf7 27. Ne1 Rd7
28. Rxd7 Bxd7 29. Qd6 Bc6 30. Qxe7 Rxe7 31. Rd6 Kg7 32. Nc2 Rd7 33. Rxd7+ Bxd7
34. f3 Kf7 35. Kf2 Ke6 36. Ne3 Bb5 37. g3 f5 38. g4 f4 39. Nf5 Kd5 40. Nd6 Bc6
41. Nf7 a5 42. Nxg5 axb4 43. axb4 Be8 44. h4 Kc4 45. h5 Kxb4 46. Ne4 1-0

[Event "Niedersachsen-ch B"]
[Site "Verden"]
[Date "2010.01.05"]
[Round "6.24"]
[White "Weczerek, Dieter"]
[Black "Kaiser, Jonas"]
[Result "0-1"]
[WhiteElo "1786"]
[BlackElo "1939"]
[PlyCount "36"]
[EventDate "2010.01.??"]
[EventType "swiss"]
[EventRounds "7"]
[EventCountry "GER"]
[SourceDate "2005.10.24"]

1. e4 e6 2. d4 d5 3. exd5 exd5 4. Bd3 Nc6 5. c3 Bd6 6. Qc2 Nge7 7. Ne2 Ng6 8.
b3 Qf6 9. O-O Bg4 10. f3 Bd7 11. Be3 O-O 12. Bf2 h5 13. Bg3 Be7 14. Nd2 h4 15.
Be1 Bd6 16. a4 Nf4 17. Nxf4 Qxf4 18. g3 hxg3 {Warum auch immer jetzt} 0-1

[Event "Niedersachsen-ch B"]
[Site "Verden"]
[Date "2010.01.05"]
[Round "6.25"]
[White "Bart, Simon"]
[Black "Langer, Michael S"]
[Result "1/2-1/2"]
[WhiteElo "1982"]
[BlackElo "1986"]
[PlyCount "44"]
[EventDate "2010.01.??"]
[EventType "swiss"]
[EventRounds "7"]
[EventCountry "GER"]
[SourceDate "2005.10.24"]

1. e4 c6 2. d4 d5 3. Nc3 dxe4 4. Nxe4 Bf5 5. Ng3 Bg6 6. h4 h6 7. Nf3 Nd7 8. h5
Bh7 9. Bd3 Bxd3 10. Qxd3 e6 11. Bf4 Qa5+ 12. c3 Ngf6 13. b4 Qb6 14. O-O Be7 15.
a4 a5 16. b5 c5 17. Be5 Rd8 18. Qe2 O-O 19. Nd2 Nxe5 20. dxe5 Nd5 21. Nge4 Qc7
22. f4 Nb6 1/2-1/2

[Event "Niedersachsen-ch B"]
[Site "Verden"]
[Date "2010.01.05"]
[Round "6.26"]
[White "Pollmann, Sascha"]
[Black "Duessler, Stefanie"]
[Result "1/2-1/2"]
[WhiteElo "2025"]
[BlackElo "1784"]
[PlyCount "128"]
[EventDate "2010.01.??"]
[EventType "swiss"]
[EventRounds "7"]
[EventCountry "GER"]
[SourceDate "2005.10.24"]

1. Nf3 Nf6 2. g3 g6 3. Bg2 Bg7 4. O-O O-O 5. c4 c6 6. d4 d5 7. cxd5 cxd5 8. Ne5
Nc6 9. Nc3 Bf5 10. Nxc6 bxc6 11. Bf4 Qd7 12. Na4 Bh3 13. Nc5 Qc8 14. Rc1 Bxg2
15. Kxg2 Nd7 16. Nxd7 Qxd7 17. Rc5 Qb7 18. Qd2 Rfe8 19. Rfc1 Rac8 20. Qc3 Qa6
21. Rxc6 Rxc6 22. Qxc6 Qxc6 23. Rxc6 Bxd4 24. b3 Kg7 25. Kf3 e5 26. Bd2 e4+ 27.
Kg2 Be5 28. e3 Re7 29. Bc3 Bxc3 30. Rxc3 Kf6 31. f4 Rd7 32. Rc6+ Ke7 33. Kf2 f5
34. Ra6 Kd8 35. Ke2 Kc8 36. Ra4 Kb7 37. Rb4+ Kc6 38. Kd2 Kc5 39. Kc3 Rc7 40. a4
a6 41. Rb8 d4+ 42. exd4+ Kd5+ 43. Kd2 Kxd4 44. Rd8+ Kc5 45. Kc3 a5 46. Rd4 Rc6
47. Rd8 Rc7 48. Rd4 Rc6 49. Rd8 {(=)} Rd6 50. Ra8 Rd3+ 51. Kc2 Kd4 52. Rxa5
Rc3+ 53. Kb2 Rf3 54. Ra7 e3 55. Rd7+ Ke4 56. Kc3 Rf2 57. a5 Ra2 58. Re7+ Kf3
59. Kd3 e2 60. a6 Kf2 61. b4 Ra3+ 62. Kd2 Ra2+ 63. Kd3 Ra3+ 64. Kd2 Ra2+
1/2-1/2

[Event "Niedersachsen-ch B"]
[Site "Verden"]
[Date "2010.01.05"]
[Round "6.27"]
[White "Merettig, Georg"]
[Black "Kickert, Germaine Helene"]
[Result "0-1"]
[WhiteElo "1958"]
[BlackElo "1972"]
[PlyCount "101"]
[EventDate "2010.01.??"]
[EventType "swiss"]
[EventRounds "7"]
[EventCountry "GER"]
[SourceDate "2005.10.24"]

1. Nc3 c5 2. f4 Nc6 3. e4 g6 4. Nf3 Bg7 5. Ne2 Qa5 6. c3 d6 7. Ng3 Nf6 8. Bc4
h5 9. e5 dxe5 10. fxe5 Ng4 11. e6 f6 12. O-O Qc7 13. d4 h4 14. Ne2 Bh6 15. Qd3
f5 16. h3 Bxc1 17. hxg4 Bf4 18. Nxf4 Qxf4 19. Nh2 Qd6 20. gxf5 cxd4 21. Rad1
gxf5 22. Qxf5 h3 23. Rf4 Qe5 24. Qf7+ Kd8 25. cxd4 Qh5 26. Qxh5 Rxh5 27. g4 Rh8
28. Rdf1 b6 29. Rf8+ Rxf8 30. Rxf8+ Kc7 31. Rf4 Kd6 32. Nf3 Bxe6 33. Bxe6 Kxe6
34. Ng5+ Kd5 35. Nxh3 Nxd4 36. g5 Ne2+ 37. Kf2 {(=)} Nxf4 38. Nxf4+ Ke5 39. Kg3
Kf5 40. Nd5 e6 41. Nc7 Rg8 42. Nb5 Rxg5+ 43. Kf3 a6 44. Nd6+ Kg6 45. Ne4 Rb5
46. b3 Ra5 47. a4 Rh5 48. Ke3 Rh3+ 49. Kf4 Rxb3 50. Ke5 Re3 51. Kf4 0-1

[Event "Niedersachsen-ch B"]
[Site "Verden"]
[Date "2010.01.05"]
[Round "6.28"]
[White "Rose, Shawn"]
[Black "Vogel, Christopher"]
[Result "0-1"]
[WhiteElo "1650"]
[BlackElo "1994"]
[PlyCount "84"]
[EventDate "2010.01.??"]
[EventType "swiss"]
[EventRounds "7"]
[EventCountry "GER"]
[SourceDate "2005.10.24"]

1. Nc3 c5 2. e4 e6 3. g3 Nc6 4. Bg2 g6 5. d3 Bg7 6. Nge2 Nge7 7. Be3 d6 8. f4
O-O 9. O-O Nd4 10. Rb1 Nec6 11. a3 Rb8 12. b4 b6 13. Bf2 Qc7 14. b5 Ne7 15. h3
f5 16. a4 {(=)} Bb7 17. Qd2 Rbc8 18. Rfc1 Rfd8 19. Nxd4 cxd4 20. Ne2 e5 21. c3
dxc3 22. Qa2+ Kh8 23. Rxc3 Qd7 24. Rxc8 Rxc8 25. Qd2 d5 26. exf5 Nxf5 27. g4
Nd6 28. fxe5 Bxe5 29. Bd4 Qg7 30. Qf4 Nf7 31. Rf1 Bxd4+ 32. Nxd4 Ne5 33. Qe3
Re8 34. Nc6 d4 35. Qe2 Qc7 36. Rf6 Kg7 37. g5 a6 38. h4 axb5 39. axb5 Bxc6 40.
bxc6 Re7 41. Qd2 Ng4 42. Be4 Qg3+ 0-1

[Event "Niedersachsen-ch B"]
[Site "Verden"]
[Date "2010.01.05"]
[Round "6.29"]
[White "Hurink, Maarten"]
[Black "Sturm, Timo"]
[Result "1-0"]
[WhiteElo "1846"]
[BlackElo "1865"]
[PlyCount "49"]
[EventDate "2010.01.??"]
[EventType "swiss"]
[EventRounds "7"]
[EventCountry "GER"]
[SourceDate "2005.10.24"]

1. d4 Nf6 2. Nf3 d6 3. Bg5 Ne4 4. Bh4 g6 5. Nbd2 Nxd2 6. Qxd2 Bg7 7. e4 O-O 8.
Bc4 Nd7 9. O-O c5 10. c3 Rb8 11. a4 Nf6 12. e5 Ne4 13. Qe3 d5 14. dxc5 Be6 15.
Bd3 Bf5 16. h3 h5 17. Rad1 Qc7 18. Rfe1 Rbc8 19. Bxe4 Bxe4 20. Ng5 Bh6 21. Qd4
Bc2 22. Rd2 Bxa4 23. Qxa4 f6 24. exf6 exf6 25. Ne6 1-0

[Event "Niedersachsen-ch B"]
[Site "Verden"]
[Date "2010.01.05"]
[Round "6.30"]
[White "Brehm, Stefan"]
[Black "Wierum, Colin"]
[Result "0-1"]
[WhiteElo "1640"]
[BlackElo "1934"]
[PlyCount "54"]
[EventDate "2010.01.??"]
[EventType "swiss"]
[EventRounds "7"]
[EventCountry "GER"]
[SourceDate "2005.10.24"]

1. d4 g6 2. c4 Bg7 3. e4 c5 4. d5 d6 5. Nc3 Nf6 6. Bd3 O-O 7. f4 e6 8. Nf3 exd5
9. cxd5 Bg4 10. O-O a6 11. a4 Qc7 12. Qe2 Nbd7 13. Be3 Rfe8 14. h3 Bxf3 15.
Qxf3 c4 16. Bc2 Nc5 17. f5 Nfd7 18. fxg6 fxg6 19. Qf7+ Kh8 20. Kh1 Rf8 21. Qe7
Rae8 22. Qh4 Ne5 23. Bh6 Ned3 24. Rxf8+ Rxf8 25. Rb1 Qf7 26. Bd1 Qf1+ 27. Kh2
Be5+ 0-1

[Event "Niedersachsen-ch B"]
[Site "Verden"]
[Date "2010.01.05"]
[Round "6.31"]
[White "Kuegel, Tobias"]
[Black "Munk, Leonhard"]
[Result "1-0"]
[WhiteElo "1921"]
[BlackElo "1751"]
[PlyCount "119"]
[EventDate "2010.01.??"]
[EventType "swiss"]
[EventRounds "7"]
[EventCountry "GER"]
[SourceDate "2005.10.24"]

1. d4 d5 2. Nf3 Nf6 3. Bf4 Nc6 4. e3 e6 5. Nbd2 Be7 6. c3 h6 7. Bd3 Nh5 8. O-O
Nxf4 9. exf4 Bf6 10. Ne5 Qe7 11. Qh5 Bxe5 12. fxe5 Qg5 13. Qxg5 hxg5 14. f4 g4
15. Be2 g3 16. hxg3 Ne7 17. g4 Bd7 18. g3 O-O-O 19. Kg2 f5 20. Rh1 a6 21. Rxh8
Rxh8 22. Rh1 Rxh1 23. Kxh1 Kb8 24. Kg2 Ka7 25. gxf5 exf5 26. b4 b6 27. Nb3 Ba4
28. Kh3 Bd7 29. Kh4 c6 30. Kg5 Kb7 31. Bd3 Kc7 32. a4 c5 33. dxc5 Bxa4 34.
cxb6+ Kxb6 35. Nc5 Bb5 36. Bxf5 a5 37. Nd7+ Kc7 38. bxa5 Bxd7 39. Bxd7 Kxd7 40.
f5 Nc6 41. f6 gxf6+ 42. exf6 Nxa5 43. Kg6 Nc6 44. f7 Ne5+ 45. Kf6 Nxf7 46. Kxf7
Kd6 47. g4 Kc5 48. g5 Kc4 49. g6 Kxc3 50. g7 d4 51. g8=Q d3 52. Qc8+ Kb2 53.
Qb7+ Kc2 54. Qc6+ Kd1 55. Qa4+ Ke2 56. Qe4+ Kd2 57. Ke6 Kc3 58. Qa4 d2 59. Qd1
Kd3 60. Kd5 1-0

[Event "Niedersachsen-ch B"]
[Site "Verden"]
[Date "2010.01.05"]
[Round "6.32"]
[White "Wolf, Fritjof"]
[Black "Albrecht, Carsten"]
[Result "1/2-1/2"]
[WhiteElo "1909"]
[BlackElo "1948"]
[PlyCount "79"]
[EventDate "2010.01.??"]
[EventType "swiss"]
[EventRounds "7"]
[EventCountry "GER"]
[SourceDate "2005.10.24"]

1. d4 Nf6 2. c4 e6 3. Nf3 d5 4. Bg5 Be7 5. Nc3 h6 6. Bh4 O-O 7. e3 b6 8. cxd5
Nxd5 9. Nxd5 Bxh4 10. Nxh4 Qxd5 11. Nf3 Nd7 12. Be2 Qa5+ 13. Qd2 Qxd2+ 14. Kxd2
Bb7 15. Rhd1 c5 16. Ke1 Rac8 17. dxc5 Nxc5 18. b4 Bxf3 19. Bxf3 Na4 20. Rd7 a5
21. bxa5 bxa5 22. Ra7 Rc5 23. a3 Nc3 24. Rc1 Rfc8 25. Rc2 Kf8 26. Rb2 R8c7 27.
Rb8+ Ke7 28. Rc8 Nb5 29. Rcxc7+ Nxc7 30. a4 Kd6 31. Kd2 e5 32. g4 g6 33. Rb7
Rc4 34. Bd1 f5 35. f3 fxg4 36. fxg4 g5 37. Rb8 Rc6 38. Bf3 Rc4 39. Bd1 Rc6 40.
Bf3 1/2-1/2

[Event "Niedersachsen-ch B"]
[Site "Verden"]
[Date "2010.01.05"]
[Round "6.33"]
[White "Thumulka, Patrick"]
[Black "Schumacher, Klaus"]
[Result "1-0"]
[WhiteElo "1892"]
[BlackElo "1884"]
[PlyCount "49"]
[EventDate "2010.01.??"]
[EventType "swiss"]
[EventRounds "7"]
[EventCountry "GER"]
[SourceDate "2005.10.24"]

1. e4 c5 2. Nf3 Nc6 3. d4 cxd4 4. Nxd4 e6 5. Nc3 a6 6. Nxc6 bxc6 7. Bd3 Bc5 8.
O-O d5 9. Qg4 Nf6 10. Qxg7 Rg8 11. Qh6 Rg6 12. Qd2 Ng4 13. Qe2 Nxh2 14. exd5
Rg4 15. Ne4 Bb6 16. Kxh2 Qh4+ 17. Kg1 f5 18. Bg5 Rxg5 19. Nxg5 Qxg5 20. dxe6
Bb7 21. Qf3 f4 22. Be4 Rc8 23. Rad1 Rc7 24. Rd7 h5 25. Rxc7 1-0

[Event "Niedersachsen-ch B"]
[Site "Verden"]
[Date "2010.01.05"]
[Round "6.34"]
[White "Woellermann, Ludger"]
[Black "Tenninger, Joerg"]
[Result "1-0"]
[WhiteElo "1820"]
[BlackElo "1566"]
[PlyCount "95"]
[EventDate "2010.01.??"]
[EventType "swiss"]
[EventRounds "7"]
[EventCountry "GER"]
[SourceDate "2005.10.24"]

1. Nf3 d5 2. g3 c5 3. Bg2 Nc6 4. O-O Nf6 5. d3 e6 6. Nbd2 Be7 7. e4 O-O 8. Re1
d4 9. a4 Qc7 10. Nc4 Nd7 11. e5 a6 12. Bf4 Rb8 13. a5 Nb4 14. h4 Nd5 15. Ng5
Nxf4 16. gxf4 h6 17. Qh5 hxg5 18. hxg5 g6 19. Qh4 Qd8 20. Be4 f5 21. exf6 Nxf6
22. gxf6 Rxf6 23. Kg2 Qf8 24. Rh1 Qg7 25. Rag1 Kf8 26. Qh8+ Qxh8 27. Rxh8+ Kg7
28. Rgh1 Rxf4 29. R1h7+ {Thh7 hilft nicht weiter...} Kf6 30. Re8 Rg4+ 31. Kf3
e5 32. Rexe7 Rf4+ 33. Ke2 Be6 34. Reg7 Rxe4+ 35. dxe4 Bxc4+ 36. Kd2 b5 37. axb6
Rxb6 38. b3 Be6 39. Rb7 Rd6 40. Rh8 c4 41. Rhb8 d3 42. Rb6 Rd4 43. Re8 c3+ 44.
Kxc3 d2 45. Rexe6+ Kg5 46. Rxg6+ Kf4 47. Rbf6+ Kxe4 48. Rg4+ 1-0

[Event "Niedersachsen-ch B"]
[Site "Verden"]
[Date "2010.01.05"]
[Round "6.35"]
[White "Schneider, Waldemar"]
[Black "Dorn, Carina"]
[Result "0-1"]
[WhiteElo "1602"]
[BlackElo "1867"]
[PlyCount "144"]
[EventDate "2010.01.??"]
[EventType "swiss"]
[EventRounds "7"]
[EventCountry "GER"]
[SourceDate "2005.10.24"]

1. d4 Nf6 2. c4 e6 3. Nf3 b6 4. g3 Ba6 5. Nbd2 c5 6. Bg2 Bb7 7. Nb3 cxd4 8.
Nbxd4 Be7 9. O-O O-O 10. Bf4 a6 11. b3 d6 12. Bc1 Nbd7 13. Bb2 Qc7 14. Rc1 Rac8
15. Qd2 Rfd8 16. Rfd1 Nc5 17. e3 Qb8 18. Qe2 d5 19. Nd2 dxc4 20. Rxc4 Bxg2 21.
Kxg2 Qb7+ 22. Qf3 Nd5 23. Rdc1 Bf6 24. Ba3 Nd3 25. Rxc8 Rxc8 26. Rxc8+ Qxc8 27.
Qd1 Qb7 28. N2f3 Ne5 29. Qd2 Qc7 30. Nxe5 Bxe5 31. Bb2 b5 32. Nf3 Bxb2 33. Qxb2
Nc3 34. b4 Qc4 35. a3 f6 36. Nd4 e5 37. Nb3 Qd5+ 38. Kg1 Qd1+ 39. Kg2 Ne4 40.
h4 h5 41. f3 Nd6 42. Na5 Nf5 43. Kf2 Qh1 44. Qb3+ Kh8 45. Qd5 Qh2+ 46. Ke1
Qxg3+ 47. Kd2 Qf2+ 48. Kc3 Qxe3+ 49. Qd3 Qxd3+ 50. Kxd3 Nxh4 51. Ke3 Nf5+ 52.
Kf2 Nd4 53. Nb7 Nc2 54. Nc5 Nxa3 55. Nxa6 g5 56. Nc7 Kg7 57. Nd5 Kf7 58. Nc3
Ke6 59. Ne4 h4 60. Nc3 f5 61. Ke3 Nc2+ 62. Kf2 Nxb4 63. Nxb5 Nd3+ 64. Kg2 Nf4+
65. Kf2 g4 66. fxg4 fxg4 67. Nc3 Kf5 68. Nd1 g3+ 69. Kg1 h3 70. Kh1 g2+ 71. Kh2
Ne2 72. Ne3+ Kf4 0-1

[Event "Niedersachsen-ch B"]
[Site "Verden"]
[Date "2010.01.05"]
[Round "6.37"]
[White "Kramer, Norbert"]
[Black "Davydov, Mihail"]
[Result "1/2-1/2"]
[WhiteElo "1801"]
[BlackElo "2061"]
[PlyCount "77"]
[EventDate "2010.01.??"]
[EventType "swiss"]
[EventRounds "7"]
[EventCountry "GER"]
[SourceDate "2005.10.24"]

1. e4 c6 2. d4 d5 3. Nc3 dxe4 4. Nxe4 Nd7 5. Bc4 e6 6. Nf3 Ngf6 7. Nxf6+ Nxf6
8. O-O Bd6 9. Re1 Qc7 10. h3 O-O 11. c3 b6 12. Bg5 Nd5 13. Bxd5 exd5 14. Qd3 f6
15. Bd2 Bd7 16. Nh4 Rfe8 17. Nf5 Bf8 18. Qf3 Rxe1+ 19. Rxe1 Re8 20. Rxe8 Bxe8
21. Bf4 Qd7 22. Ne3 Bg6 23. Qg3 b5 24. a3 a5 25. Bb8 a4 26. Qc7 Qxc7 27. Bxc7
Bd3 28. Ba5 g6 29. Bb4 Bg7 30. Kh2 h5 31. h4 Kf7 32. Kg3 Bh6 33. f4 {(=)} Ke6
34. Bc5 Be4 35. Bb4 Bb1 36. Kf3 Be4+ 37. Kg3 Bf5 38. Kf3 Be4+ 39. Kg3 1/2-1/2